Statistics for Queen -Loren Gray

Click here to take the quiz!

General Stats

  • This quiz has been taken 8 times
  • The average score is 225 of 335

Answer Stats

Answers% Correct
A
100%
I
100%
All
80%
By
80%
Call
80%
Can
80%
Cause
80%
Dont
80%
Down
80%
How
80%
Know
80%
Like
80%
Love
80%
Me
80%
Need
80%
On
80%
Queen
80%
To
80%
Want
80%
Yes
80%
You
80%
And
60%
Better
60%
Bow
60%
But
60%
Die
60%
Get
60%
Helpless
60%
Im
60%
Keep
60%
Knees
60%
My
60%
Not
60%
Princess
60%
Rescuing
60%
Show
60%
Side
60%
Treat
60%
What
60%
Yeah
60%
Your
60%
Aint
40%
Angel
40%
Another
40%
Battles
40%
Blood
40%
Boy
40%
Burning
40%
Cross
40%
Dangerous
40%
Type DoneDone
40%
Eyes
40%
Fight
40%
Fire
40%
Got
40%
Guy
40%
Handled
40%
Heart
40%
Hope
40%
Ima
40%
In
40%
Majesty
40%
Overshadow
40%
Prize
40%
This
40%
Ya
40%
Belong
20%
Recognize
20%
So
20%
That
20%

Score Distribution

Percentile by Number Answered

Percent of People with Each Score

Your Score History

You have not taken this quiz